1340 1551 1313 1363 1624 1550 1514 1457 1665 1435 1267 1005 1996 1249 1123 1286 1398 1678 1821 1363 1139 1867 1854 1994 1099 1753 1553 1068 1071 1274 1736 1658 1398 1846 1376 1665 1121 1169 1856 1494 1592 1321 1006 1694 1708 1272 1529 1577 1265 1146 1631 1157 1343 1727 1489 1153 1468 1225 1865 1552 1887 1014 1754 1343 1014 1660 1301 1397 1144 1843 1345 1715 1471 1289 1859 1908 1665 1161 1514 1437 1994 1173 1915 1939 1696 1692 1777 1856 1346 1583 1985 1950 1413 1067 1615 1455 1602 1904 1199 BCNSPRNW ULIB Ver.6.0+V

เปลี่ยนเป็นภาษาไทย

Change to English
 แสดงรายละเอียดบรรณานุกรม
  กลับหน้าหลัก

Brief Record : Get Marc (ISO 2709) : E-mail record : QR code < ปิดหน้าต่าง
LEADER : 00000nam 2200000uu 4500
001    13399115153
003     ULIB
008    120713s2554||||th 000 0 tha d
020    ^a9786165092821
050  0 ^aPE1131^bพ73ก
100 0  ^aพี่นุ้ยอิงลิช
245 1  ^aเก่งอังกฤษได้ไม่เห็นต้องจ่าย(แพง) /^cพี่นุ้ยอิงลิชและพี่ปุ้ย
260    ^aกรุงเทพฯ :^bอมรินทร์บุ๊คเซ็นเตอร์,^c2554
300    ^a135 หน้า ;^c22 ซม.
650    ^aภาษาอังกฤษ^xการใช้ภาษา
700 0  ^aพี่ปุ้ย
945    ^p120^l0^i19144
995    เกษร
999 ^a ใช้งานได้ทุกระบบ
รายการนี้ยังไม่มีแท็ก
คุณยังไม่ได้ล็อกอิน คุณสามารถมีกิจกรรมร่วมกับเว็บไซต์ได้ แต่ต้องล็อกอินก่อน ::
  ล็อกอิน

รายการสื่อสารสนเทศ

ลำดับที่ ประเภท เลขเรียก/บาร์โค้ด สถานที่ สถานะ
- ไม่พบข้อมูล -

รายการใกล้เคียง
    ผู้แต่ง [พี่นุ้ยอิงลิช]

    หัวเรื่อง [ภาษาอังกฤษ การใช้ภาษา]

BibComment


ยังไม่เคยถูกคอมเมนท์

คอมเมนท์ทรัพยากรรายการนี้
  คอมเมนท์: เก่งอังกฤษได้ไม่..


 Copyright 2026. Bcnsprnw @Library